01016nas a2200253Ia 4500001001600000003001000016005001700026008004100043040002500084041000700109100003900116245003600155250004300191260000900234300001400243500010500257650003000362654001200392700014200404942001200546999001900558999000700577952017800584A09/R122-29305 IT-MiCISF20230313134907.0161014c99999999xx |||||||||||| ||und|| aIT-MiCISFcIT-MiCISF ait aDi Nicola Paola (a cura di)959677 0aFamiglia e politiche di welfare a"Sociologia e politiche sociali", n. 3 c1998 app. 5-222 apolitica-familiare, welfare, comparazione, servizi-sociali, stratificazione-sociale, associazionismo apolitica-familiare956074 adossier aDi Nicola P., Zanatta A.L., Ferrucci F., Romano M.C., Bramanti D., Boccacin L., Carrà€ E., Landuzzi M.G., Biondani C., Spieker M.959678 cCR2ddc c236338d236338 bSi 0010406A_09_000000000000000_R1222930571aCISFbCISFd2016-10-14l0oA09/R122-29305 r2016-10-14 00:00:00w2016-10-14yCRzData import 15.10.2016 / by Epidotti, Vaglietti